00423nam a2200181Ia 4500003000400000005001700004008004100021020001800062040000700080041000800087082002100095100002300116245003600139250000700175260003000182300001500212365001400227OSt20230516114600.0210423s2009 xx 000 0 und d a9780702029349 cAL aeng a615.1 223bEVAW aEVANS (William C). aTrease and evans pharmacognosy. a16 aEdinburghbSaundersc2009 avi,603bPB b1134cINR